බෙලෙක්වැඩකාරයාගේ කතාව/

Saved in:
Bibliographic Details
Main Author: මහේන්ද්‍ර, සුනන්ද
Format: Book
Language:English
Sinhalese
Published: කොළඹ 10 : ගොඩගේ, 1999.
Edition:1 වන මුද්‍රණය.
Subjects:
Tags: Add Tag
No Tags, Be the first to tag this record!

MARC

LEADER 00000nam a22000007a 4500
003 LK-HbPL
005 20260113145138.0
008 260113b |||||||| |||| 00| 0 eng d
020 |a 9552022908 
040 |a LK-HbPL  |b sin  |d LK-HbPL 
041 |a sin 
082 |2 23  |a 891.483  |b මහේන් 
100 |a මහේන්ද්‍ර, සුනන්ද 
245 |a බෙලෙක්වැඩකාරයාගේ කතාව/  |c සුනන්ද මහේන්ද්‍ර. 
250 |a 1 වන මුද්‍රණය. 
260 |a කොළඹ 10 :  |b ගොඩගේ,  |c 1999. 
300 |a පි.24 : චිත්‍ර ;  |c සෙ.මී.28 
650 0 |a ළමා කතා 
942 |c CHBK 
999 |c 13115  |d 13115